| 000 | 01318nam a2200301 i 4500 | ||
|---|---|---|---|
| 001 | 180159 | ||
| 003 | ES-MaACL | ||
| 005 | 20250808062831.0 | ||
| 008 | 120509s2011 sp | |||||||| | spa d | ||
| 020 | _a978-84-220-1557-4 (BAC) | ||
| 020 | _a978-84-362-5924-7 (UNED) | ||
| 100 | 0 |
_aHugo de Sancto Victore, _d1096?-1141 _9149927 |
|
| 245 | 1 | 0 |
_aDidascalicon de studio legendi = _b(El afán por el estudio) / _cHugo de San Víctor ; edición bilingüe preparada por Carmen Muñoz Gamero y Mª Luisa Arribas Hernáez. |
| 246 | 3 | 1 | _aEl afán por el estudio |
| 260 |
_aMadrid : _bBiblioteca de Autores Cristianos : _bUniversidad Nacional de Educación a Distancia, _c2011. |
||
| 300 |
_aVIII, 329 p. ; _c20 cm. |
||
| 490 | 1 |
_aCollectio Scriptorum mediaevalium et renascentium ; _v6 |
|
| 490 | 1 |
_aBiblioteca de autores cristianos ; _v703 |
|
| 504 | _aBibliografía: p. [125]-130. | ||
| 546 | _aTexto en latín y traducción en español; introducción en español. | ||
| 594 | _aTraducción de: Didascalicon. | ||
| 700 | 1 |
_aMuñoz Gamero, Carmen. _9149928 |
|
| 700 | 1 |
_aArribas Hernáez, María Luisa. _9149929 |
|
| 830 | 0 |
_aCollectio Scriptorum mediaevalium et renascentium ; _v6 _9190009 |
|
| 830 | 0 | 0 |
_aBiblioteca de autores cristianos _v703 _9178679 |
| 852 |
_aES-MaACL _jJ-691 |
||
| 999 |
_c180159 _d180159 |
||